| 000 | 00880nam a22002177a 4500 | ||
|---|---|---|---|
| 999 |
_c11001 _d11001 |
||
| 003 | AR-CdUCM | ||
| 008 | 190402b ||||| |||| 00| 0 spa d | ||
| 040 |
_aMUNICIPALIDAD PROVINCIAL DEL CUSCO _cBIBLIOTECA MUNICIPAL DEL CUSCO |
||
| 082 |
_a299.51 / _bC71 / 1954 |
||
| 100 |
_aConfucio y Mencio _928107 |
||
| 245 |
_aLos libros canónicos chinos : _bLa religión y la filosofía mas antiguas y la moral y la política mas perfecta de la humanidad / |
||
| 260 |
_aMadrid : _bIbéricas, _c1954. |
||
| 300 |
_a424 paginas ; _c16 cm. |
||
| 505 | _aContenido : Noticia preliminar -- El ta hio o el gran estudio -- El tchung-yung o la invariabilidad en el medio -- El lun yu o conversaciones filosóficas ... | ||
| 650 |
_aFilosofía _9395 |
||
| 650 |
_aCanónicos _928108 |
||
| 650 |
_aChinos _928109 |
||
| 700 |
_aBergua, José _928110 |
||
| 942 |
_2ddc _cLIBROS |
||
| 945 | _arah | ||